00644nam a2200229 a 4500001001300000003000900013005001700022008004100039020001000080082001500090100001800105245003200123260003500155300000900190500003500199650001600234700001800250902000800268942000700276952011600283999001500399nice12345678IN_TiNIC20260116012914.0080219s2000 newa grp 000 0 eng  ac10000a323.6bWOM aWomer, Parley aCitizenship and the New Day aNew YorkbAbingdon Pressc2000 a319p aincludes index and biblioraphy aCitizenship1 aWomer, Parley bSRS cBK 001040708StackRoom-aHMIbHMId2008-02-19g100.00l0o323.6 WOMp012326r2008-02-19v100.00w2008-02-19yBK c8835d8835